000 00759nam a2200265Ia 4500
001 Z_1887
003 CHAP
008 220113s1998 xx 000 0 und d
010 _a164981
040 _cCHAP
090 _aTesis C 1323
100 _aCortés Reynosa, Brígido
_928390
245 _aAgronomía y zootecnia de pennisetum purpureum Schumach : una revisión /
_cpor Brígido Cortés Reynosa
260 _aChapingo, Méx. :
_bEl autor,
_c1998
300 _a65 h.
502 _aTesis (Ing. Agr. Esp. en Zootecnia) -- UACH. Departamento de Zootecnia
650 _aPastos forrajeros
_986094
650 _aPennisetum purpureum
_986708
901 _aTESIS C 1323
902 _aM
910 _a1998
942 _c2
942 _c2
999 _c164981
_d164981